000 00561nam a2200205 i 4500
001 128771
003 ES-MaACL
005 20250830221255.0
007 t|
008 070524s1967 sp ||||1| cat d
080 _a917.3(079.3)
100 1 _aTasis, Rafael.
_9109362
245 1 0 _aAmérica del Nord, avui /
_cRafael Tasis i Marca.
250 _a[1ª ed.].
260 _aBarcelona :
_bAyma,
_c[1967]
300 _a172 p. ;
_c19 cm.
651 4 _aEstados Unidos-
_xDescripción
_98538
852 _aES-MaACL
_jC-31963
_bR.62620
999 _c128771
_d128771